000 00626nam a2200205Ia 4500
003 GCL
008 140319s9999 xx 000 0 ara d
040 _aGCL /
_cGCL
082 0 4 _a213
_bس خ
100 1 _aسيد صديق عبدالفتاح
245 1 0 _aالخطب الجامعة فى المواعظ النافعة /
_cسيد صديق عبدالفتاح
250 _aالاولى
260 _aالقاهرة :
_bدار الهدى ،
_c1994
300 _a376ص ؛
_c24سم
490 _a
650 0 4 _aالخطب
650 0 4 _aالخطب الدينية
650 0 4 _aالخطب - مجموعات
942 _2ddc
_cBK
999 _c54538
_d54538